00350nam a2200121Ia 4500008004100000041000800041082001200049100001600061245004400077260004400121300001900165520004400184240719s9999 xx 000 0 und d aeng a823 FOL aFoley, Lucy aThe Paris Apartment: Unlock the Mystery aLondonbHarper Collins Publishersc2022 a410;. P. 20 cm aFaculty Purchase By Dr. Jitendra Sharma